• 首页
  • 本馆介绍
  • 公告通知
  • 最新文献
  • 馆藏检索
  • 电子资源
  • 读者导购
  • 参考咨询
  • 我的图书馆
  • 登录
  • 详细信息显示
  • 放入我的书架
  • 预约/预借图书
  • 作者相关作品
  • 分类相关作品
  • 丛书相关作品
  • 出版社相关作品

书目信息

  • 表格格式
  • 工作单格式
  • 卡片格式
题名:
丛林里的兄妹
    
 
作者: 佚名 著 ;李菲菲 编译
分册:  
出版信息: 长春   吉林出版集团股份有限公司  2017
页数: 47页
开本: 23cm
丛书名:
单 册:
中图分类: I525.88
科图分类:
主题词: 童话--斯洛伐克--现代--缩写
电子资源:
ISBN: 978-7-5581-1302-4
000 00929nam0 2200253 450
001 012001012251
005 20140124092807.0
010    @a978-7-5581-1302-4@dCNY27.80
100    @a20181114d2017 cemy0chiy50 ea
101 0  @achi
102    @aCN@b220000
105    @aa z 000fy
106    @ar
200 1  @a丛林里的兄妹@Acong lin li de xiong mei@f(斯洛伐)佚名著@g李菲菲编译
210    @a长春@c吉林出版集团股份有限公司@d2017
215    @a47页@c彩图@d23cm
300    @a经典童话绘本
330    @a故事主要讲述了兄妹俩去丛林里采草莓,不料却迷路了。饥饿的他们只好剥墙皮吃,发现墙皮如同蜜饼一样。老巫婆发现后,把他们关进笼子。哥哥设计杀死了巫婆,并救走了笼子里的燕雀。燕雀落地的瞬间,变成了一位漂亮的公主。
606 0  @a童话@y斯洛伐克@z现代@j缩写
690    @aI525.88@v5
701  0 @c(斯洛伐)@a佚名@Ayi ming@4著
702  0 @a李菲菲@Ali fei fei@4编译
801  0 @aCN@b上海新华@c20191020
905    @b1139735-8@dI525.88@e15@f4
    
    丛林里的兄妹/(斯洛伐)佚名著/李菲菲编译.-长春:吉林出版集团股份有限公司,2017
    47页:彩图;23cm
    经典童话绘本
    
    ISBN 978-7-5581-1302-4:CNY27.80
    故事主要讲述了兄妹俩去丛林里采草莓,不料却迷路了。饥饿的他们只好剥墙皮吃,发现墙皮如同蜜饼一样。老巫婆发现后,把他们关进笼子。哥哥设计杀死了巫婆,并救走了笼子里的燕雀。燕雀落地的瞬间,变成了一位漂亮的公主。
●
相关链接 在E读中查询图书 在五车中查询图书 在当当中查询图书 在豆瓣中查询图书


正题名:丛林里的兄妹     索取号:I525.88/15         预约/预借

序号 登录号 条形码 馆藏地/架位号 状态 备注
1 1139735   211397353   第一样本阅览室/ [索取号:I525.88/15] 在馆    
2 1139736   211397362   教育系资料室/ [索取号:I525.88/15] 在馆    
3 1139737   211397371   第二借阅区/ [索取号:I525.88/15] 在馆    
4 1139738   211397380   教育系资料室/ [索取号:I525.88/15] 在馆    
唐山师范学院图书馆 欢迎您!
大连网信软件有限公司© 版权所有